Software testing and quality assurance : Theory and practice

Software Testing and Quality Assurance: Theory and Practice equips readers with a solid understanding of: Practices that support the production of quality software Software testing techniques. Life-cycle models for requirements, defects, test cases, and test results. Process models for units, int...

詳細記述

保存先:
書誌詳細
第一著者: Naik, Kshirasagar
フォーマット: 図書
言語:Undetermined
出版事項: Hoboken, N.J. John Wiley & Sons c2008
主題:
タグ: タグ追加
タグなし, このレコードへの初めてのタグを付けませんか!
Thư viện lưu trữ: Trung tâm Học liệu Trường Đại học Cần Thơ
LEADER 01279nam a2200229Ia 4500
001 CTU_153154
008 210402s9999 xx 000 0 und d
020 |c 34.32 
082 |a 005.14 
082 |b N155 
100 |a Naik, Kshirasagar 
245 0 |a Software testing and quality assurance : 
245 0 |b Theory and practice 
245 0 |c Kshirasagar Naik, Priyadarshi Tripathy 
260 |a Hoboken, N.J. 
260 |b John Wiley & Sons 
260 |c c2008 
520 |a Software Testing and Quality Assurance: Theory and Practice equips readers with a solid understanding of: Practices that support the production of quality software Software testing techniques. Life-cycle models for requirements, defects, test cases, and test results. Process models for units, integration, system, and acceptance testing. How to build test teams, including recruiting and retaining test engineers. Quality Models, Capability Maturity Model, Testing Maturity Model, and Test Process Improvement Model 
650 |a Computer software,Computer software,Phần mềm máy tính,Phần mềm máy tính 
650 |x Testing,Quality control,Kiểm tra,Kiểm soát chất lượng 
904 |i QHieu 
980 |a Trung tâm Học liệu Trường Đại học Cần Thơ